Zamestnanci a priemerné mesačné mzdy za 1.-4. štvrťrok 1997

Saved in:
Bibliographic Details
Format: Book
Language:Slovak
Published: Bratislava Štatistický úrad Slovenskej republiky 1998
Series:Demografia a sociálna štatistika
Subjects:
Tags: Add Tag
No Tags, Be the first to tag this record!

MARC

LEADER 00000nam a2200000 4500
001 c101939
005 20240517081717.6
041 0 |a slo 
044 |a SK 
245 1 0 |a Zamestnanci a priemerné mesačné mzdy za 1.-4. štvrťrok 1997 
264 1 |a Bratislava  |b Štatistický úrad Slovenskej republiky  |c 1998 
300 |a Nestr. 
490 1 |a Demografia a sociálna štatistika 
830 0 |a Demografia a sociálna štatistika 
610 2 0 |a Slovensko 
610 2 0 |a zamestnanci 
610 2 0 |a mzdy mesačné 
610 2 0 |a mzdy priemerné 
610 2 0 |a miesta pracovné